The emotional brain : the mysterious underpinnings of emotional life

Αποθηκεύτηκε σε:
Λεπτομέρειες βιβλιογραφικής εγγραφής
Κύριος συγγραφέας: LeDoux, Joseph E.
Μορφή: Βιβλίο
Γλώσσα:English
Δημοσίευση: London : Phoenix, 2003, c1998
Θέματα:
Ετικέτες: Προσθήκη ετικέτας
Δεν υπάρχουν, Καταχωρήστε ετικέτα πρώτοι!

MARC

LEADER 00000nam a2200000 i 4500
001 1/52722
008 040329s2003 eng d
020 |a 0-75380-670-3 
035 |l 10072973 
040 |a GR-MY-UA  |b gre  |e aacr 
041 0 |a eng 
082 0 |a 152.4 
100 1 |a LeDoux, Joseph E. 
245 1 4 |a The emotional brain :  |b the mysterious underpinnings of emotional life /  |c Joseph LeDoux 
260 |a London :   |b Phoenix,   |c 2003, c1998 
300 |a 384 p.;  |b ill.;  |c 20 cm. 
504 |a Includes bibliography and index 
650 0 0 |a Emotions  |x Physiological aspects. 
650 0 0 |a Neuropsychology. 
852 |a INST  |b SAMOS  |e 20040329  |h 152.4 LED  |p 005300023376  |q 005300023376  |t BK  |y 0 
901 |a BIBL3-2004-1 
909 |a Σ  |b 109082 
922 |a 3ΕΛΗ  |b 200307  |c ΚΥΒ/ΒΙΒΛΙΟΘΗΚΗ  |d LEADER 
950 |a 127-2003-07-07 
970 |a ΚΟΣΙΕΡΗΣ  |b ΧΡΗΣΤΟΣ  |z 2004/04/01